000 01019nam a22003617a 4500
001 BR7575095
003 BR-BrBNA
005 20230928084848.0
007 ta
008 230509b bl.||||| |||| 00| 0 por d
040 _aBR-BrBNA
_bpor
_cBiblioteca Nacional de Agricultura
041 _a(Por)
072 _aF25
_b/G514
090 _ F25 BR7575095
100 1 _aCatani, R.A.
100 1 _aAlcarde, J.C.
110 1 _aAssociacao Nacional para Difusao de Adubos, Sao Paulo, SP (Brasil)
_9687
245 1 _aManual de controle de qualidade de fertilizantes, parte 2: Calcio, magnesio, enxofre, boro, cobre, ferro, manganes, zinco e cloro [Brasil]
260 3 _aSao Paulo, SP (Brasil):
_c1975.
300 _a82 p.
500 _a12 ref.
650 _aCONTROLE DE QUALIDADE
650 _aCALCIO
650 _aENXOFRE
650 _aBORO
650 _aCOBRE
650 _aMANGANES
650 _aZINCO
650 _aCLORO
650 _aMAGNESIO
909 _a202309
_bLucia
_c55
_dLucia Elande
942 _cBK
999 _c21532
_d21532